| 000 | 01155nam0a2200277 4500 | ||
|---|---|---|---|
| 001 | RU\NLR\BIBL_A\011497734 | ||
| 005 | 20260406075738.0 | ||
| 010 | _a978-5-8997-3096-2 | ||
| 035 | _a(NLR Aleph) 011497734 | ||
| 090 |
_a11980540 _c11980540 |
||
| 100 | _a20171017d2007 |||y0rusy50 ca | ||
| 101 | 0 | _aeng | |
| 102 |
_aRU _aGB |
||
| 105 | _ac z 000za | ||
| 200 | 1 |
_aThe mystery of Gostiny Dvor _eabout my city, about the world, about myself _e[articles] _fYuri Luzhkov _g[article selection by M. Scherbachenko and V. Koretsky _gforeword by M. Scherbachenko] |
|
| 210 |
_aMoscow _cLondon _cRELOD _d2007 |
||
| 215 |
_a224 с. _cцв. портр. _d22 |
||
| 541 | 1 | _aТайна Гостиного двора | |
| 607 |
_aРоссийская Федерация _xПолитика и управление _92070245 _3RU\NLR\AUTH\661244962 |
||
| 686 | 1 | _aТ3(2)74-3 | |
| 700 | 1 |
_4340 _8rus _7ba _aLužkov _bJ. M. _f1936-2019 _gJurij Michajlovič _3RU\NLR\AUTH\770179775 _9179724 |
|
| 702 | 1 |
_4220 _7ba _8rus _aŠčerbačenko _bM. L. _gMichail L'vovič _9179735 _3RU\NLR\AUTH\770179786 |
|
| 942 | _cBOOK | ||
| 980 | _aNB | ||